| 000 | 00750nam a22001935i 4500 | ||
|---|---|---|---|
| 001 | 161582 | ||
| 003 | ES-MaACL | ||
| 005 | 20230906212322.0 | ||
| 008 | 990211s1880 mx |||| | spa d | ||
| 040 |
_aCCPB | B _bspa _cCCPB | B |
||
| 100 | 1 |
_aPayno, Manuel. _989732 |
|
| 245 | 1 | 0 |
_aCompendio de la historia de México para el uso de los Establecimientos de Instrucción Pública de la República mexicana / _ccompuesto por Manuel Payno. |
| 250 | _a6ª ed., corr. y aum. | ||
| 260 |
_aMéxico : _b[s.n.], _c1880 ( _fImprenta de F. Díaz de León) |
||
| 300 |
_a403 p. ; _c15 cm. |
||
| 651 | 0 | 4 |
_aMéxico- _xHistoria. _99062 |
| 752 |
_aMéxico - _dMéxico |
||
| 852 |
_aES-MaACL _jD-3948 _z-- Enc. hol. _z-- Dedicatoria del autor a Antonio Canovas |
||
| 999 |
_c161582 _d161582 |
||